Η Ελληνική κεραμεική της εποχής του Χαλκού
Αποθηκεύτηκε σε:
| Κύριος συγγραφέας: | |
|---|---|
| Άλλοι συγγραφείς: | |
| Μορφή: | Βιβλίο |
| Γλώσσα: | Greek English |
| Δημοσίευση: |
Αθήνα :
Καρδαμίτσας,
1998.
|
| Θέματα: | |
| Ετικέτες: |
Προσθήκη ετικέτας
Δεν υπάρχουν, Καταχωρήστε ετικέτα πρώτοι!
|
MARC
| LEADER | 00000cam a2200000 i 4500 | ||
|---|---|---|---|
| 001 | 1/66193 | ||
| 008 | 990115s1998 gr | ||| |||| ||gre|| | ||
| 020 | |a 9607262506 | ||
| 035 | |l 10047263 | ||
| 040 | |a GR-MY-UA |b gre |e aacr | ||
| 041 | 1 | |a gre |h eng | |
| 082 | 7 | |a 738.309391 |2 (22) | |
| 100 | 1 | |a Lacy, A. D. | |
| 245 | 1 | 2 | |a Η Ελληνική κεραμεική της εποχής του Χαλκού / |c A.D.Lacy ; μετάφραση: Θεόδωρος Ξένος |
| 260 | |a Αθήνα : |b Καρδαμίτσας, |c 1998. | ||
| 300 | |a 337 σ. : |b εικ., φωτ. ; |c 24 εκ. | ||
| 650 | 0 | 0 | |a Bronze age |z Greece. |
| 650 | 0 | 0 | |a Pottery, Mycenaean. |
| 650 | 0 | 0 | |a Pottery, Greek. |
| 700 | 1 | |a Ξένος, Θεόδωρος, |e trl | |
| 765 | 0 | 8 | |i Μετάφραση του: |t Greek pottery in the Bronze Age / |
| 852 | |a INST |b RHODES |e 19990115 |h 738.309391 LAC |p 005400005803 |q 005400005803 |t BK |y 0 | ||
| 901 | |a BIBL-1999-1 | ||
| 909 | |a Ρ |b 061122 | ||
| 922 | |a 4ΕΛΗ |b 199811 |c ΚΠΣ/ΜΣ |d EMVASIS | ||
| 970 | |z 15-01-1999 | ||